History Quiz

Random History or Continent Quiz

WWI Events on a Map Quiz Stats

Quiz Updated Jul 7, 2017

Challenge
Share
Tweet
Score 0/20 Timer 06:00
9 Plays Today
% Correct
United Kingdom
George V
88.6%
Russia
Nicholas II
84.7%
Italy
Vittorio Veneto
83.1%
Finland
Independence
83.1%
France
Verdun
80.5%
Bosnia and Herzegovina
Franz Ferdinand
76.5%
Germany
Zimmermann
71%
Romania
Transylvania
70%
Hungary
Revolution
67.1%
Poland
Łódź
66.9%
% Correct
Serbia
Belgrade
64.8%
Turkey
Gallipoli
64.2%
Denmark
Jutland
57.2%
Belgium
Ypres
56.9%
Vatican City
Truce
56.2%
Austria
Franz Joseph
54%
Netherlands
Wilhelmina
50.5%
Ireland
Lusitania
47.1%
Greece
Constantine
45.8%
Belarus
Brest-Litovsk
25.4%

You're not logged in!

Compare scores with friends on all Sporcle quizzes.
Join for Free
OR
Log In

You Might Also Like...

Show Comments

Extras

Top Quizzes Today


Score Distribution

Your Account Isn't Verified!

In order to create a playlist on Sporcle, you need to verify the email address you used during registration. Go to your Sporcle Settings to finish the process.

Report this User

Report this user for behavior that violates our Community Guidelines.

Details: